[Event "59th BRA-ch Women 2020"]
[Site "Rio de Janeiro"]
[Date "2020.01.13"]
[Round "2.1"]
[White "Terao, Juliana Sayumi"]
[Black "Gazola, Vanessa Ramos"]
[Result "1-0"]
[WhiteElo "2232"]
[BlackElo "1996"]
[Annotator "TA"]
[PlyCount "75"]
[EventDate "2020.01.11"]
[EventType "k.o."]
[EventCountry "BRA"]
[SourceTitle "playchess.com"]
[Source "ChessBase"]
[SourceQuality "1"]

{[%evp 9,75,39,45,42,43,39,52,42,52,31,25,22,84,95,79,68,75,69,141,138,149,104,112,110,115,124,137,103,139,125,161,144,194,120,121,122,335,140,140,139,133,142,135,139,182,115,108,99,132,134,138,143,149,131,168,138,160,158,273,274,387,370,455,392,666,624,732,721]} 1. e4 c5 2. Nf3 Nc6 3. Bb5 e5 4. O-O Bd6 5. c3 Nge7 (5... a6 6. Bxc6 dxc6 7. d4 exd4 8. cxd4 Bg4 9. e5 Bc7 10. dxc5 Qxd1 11. Rxd1 Bxf3 12. gxf3 Bxe5 {½-½ (31) Giri,A (2797)-Rapport,R (2726) Shenzhen 2019}) 6. d4 {B30: Sicilian: 2...Nc6 3 Bb5, lines without ...g6} cxd4 7. cxd4 exd4 8. Nxd4 {White is slightly better.} a6 9. Be2 O-O 10. Nf3 Qc7 (10... Bc5 $11 {keeps the balance.}) 11. Nc3 $36 {[%mdl 2048] White has strong initiative.} Ne5 {[%cal Bc6e5,Be5g6,Bg6f4][%mdl 32]} 12. h3 $146 N5g6 13. Be3 b5 ({Better is} 13... Bf4 $14) 14. Bxb5 $1 Bf4 {Hoping for ...Bxe3.} 15. Bxf4 Nxf4 16. Ba4 Qb6 17. Qd2 Qf6 18. Qe3 (18. Bxd7 $2 Rd8 $19) 18... d6 19. Rfd1 Rb8 20. Bb3 Re8 21. e5 (21. h4 $18) 21... dxe5 22. Qxe5 ({Much weaker is} 22. Nxe5 $6 Nxg2 23. Qg3 (23. Kxg2 Nf5 $11) (23. Bxf7+ Qxf7 24. Kxg2 Qh5 $19) 23... Nf5 $11) 22... Rb6 $2 {[#]} (22... Qxe5 $16 23. Nxe5 Be6) 23. Qxf6 (23. Qc7 $1 $18 {And now Rd8 would win.} Neg6 {[#]} 24. Bxf7+ $1 {[%mdl 576] Deflection} Qxf7 25. Qxb6) 23... Rxf6 24. Ne5 {Black must now prevent Ne4.} Neg6 25. Ng4 Rb6 26. Ne3 Ne5 27. Ba4 (27. Ncd5 $18 Nxd5 28. Nxd5) 27... Rf8 28. Ncd5 Nxd5 29. Rxd5 Ng6 30. b3 Nf4 31. Rd2 Rg6 32. Kh2 h6 33. Rad1 Ne6 (33... Bb7 $16) 34. Nd5 $18 Rg5 (34... Kh7 {was called for.} 35. b4 Bb7) 35. f4 Rh5 36. g4 Rh4 $2 (36... Rxd5 37. Rxd5 Bb7) 37. Ne7+ Kh8 38. Nf5 {Accuracy: White = 69%, Black = 40%.} 1-0

[Event "59th BRA-ch Women 2020"]
[Site "Rio de Janeiro"]
[Date "2020.01.13"]
[Round "2.1"]
[White "Librelato, Kathie Goulart"]
[Black "Alboredo, Julia"]
[Result "1/2-1/2"]
[WhiteElo "2175"]
[BlackElo "2190"]
[Annotator "TA"]
[PlyCount "132"]
[EventDate "2020.01.11"]
[EventType "k.o."]
[EventCountry "BRA"]
[SourceTitle "playchess.com"]
[Source "ChessBase"]
[SourceQuality "1"]

{[%evp 14,132,47,45,45,45,45,45,68,68,68,50,97,78,82,76,82,57,57,57,74,71,86,50,50,40,44,17,37,37,58,35,66,63,63,54,89,97,198,174,201,156,435,163,250,241,245,251,251,168,191,96,113,127,126,60,87,8,88,100,111,0,0,0,0,-458,-9,-9,-10,-22,-17,-17,-22,-17,0,0,0,-650,-613,-814,-377,-235,0,0,0,0,0,0,8,0,0,0,0,0,15,8,8,-11,-11,-16,0,-22,-22,-22,-11,-11,-11,-22,-22,-22,0,-10,-10,-10,8,8,8,8,8,8,8]} 1. e4 c5 2. Nc3 Nc6 3. Bb5 g6 4. Bxc6 dxc6 5. f4 Bg7 6. Nf3 Nf6 7. O-O O-O 8. d3 b6 {B21: Sicilian: 2 f4 and Morra Gambit} (8... b5 9. Be3 c4 10. dxc4 b4 11. Na4 Nxe4 12. Qe1 Qa5 13. Bd4 Qxa4 14. Bxg7 Kxg7 15. Qxe4 Bf5 16. Qe5+ {1-0 (57) Bachmann,A (2593)-Hausrath,D (2503) Berlin 2015}) 9. Qe1 Ne8 10. Qh4 f5 {White is slightly better.} 11. Ng5 $146 {[%csl Gg5][%cal Rh4h7]} ({Predecessor:} 11. Bd2 Nf6 12. Rae1 e6 13. exf5 exf5 14. Ne5 Qd6 15. Nc4 Qc7 16. Rf3 {½-½ (48) Horvath,T (2416)-Buzeti,J (2199) Celje 2008}) 11... h6 12. Nf3 Nc7 13. Bd2 Nb5 14. Nxb5 cxb5 15. Bc3 e6 16. Qg3 {Hoping for exf5.} Bxc3 17. bxc3 Qf6 18. Rae1 Kh7 19. Ne5 Rg8 20. exf5 gxf5 21. Qf3 Rb8 {aiming for ...Bb7.} 22. g3 Bb7 23. Qh5 {Black must now prevent Nd7!} Rg7 24. Re3 Rd8 25. Rb1 a6 (25... Ba6 $16 {was necessary.} 26. Kf2 Kg8) 26. a4 $1 $18 bxa4 27. Rxb6 a3 $2 {[#]} (27... Bc8 $16 {keeps fighting.} 28. Kf2 Rdg8) 28. Rb3 $2 (28. Ng4 $1 {[%mdl 512]} Qg6 (28... fxg4 29. Rexe6) 29. Qxg6+ {[%mdl 64] Overworked Piece} Rxg6 30. Rxb7+ Rg7 31. Nf6+ Kg6 32. Rxg7+ Kxg7 33. Rxe6) 28... Qe7 (28... c4 $142 29. Rxa3 cxd3 30. cxd3 Qe7) 29. Rxa3 c4 30. Nxc4 Bd5 {Black wants to play ...Bxc4.} 31. Ra4 Qc5 32. Ra5 (32. Kf2 $1 $18) 32... Qc7 33. Rxd5 Rxd5 34. Rxe6 (34. Kf2 $16 Qc6 35. d4) 34... Qxf4 $1 $14 35. Rxa6 ({Better is} 35. Kg2 $16) 35... Rb5 (35... Qc1+ $11 {remains equal.} 36. Kg2 Qxc2+ 37. Kh3 Qc1) 36. Ra1 $1 $16 Qb8 37. Re1 (37. Ra6 {is a self mate.} Rxg3+ $1 {[%mdl 512]} 38. hxg3 Qxg3+ 39. Kf1 Rb1+ 40. Qd1 Qf3+ 41. Kg1 Rxd1+ 42. Kh2 Rh1#) ({White should play} 37. Qe2 $1 $16) 37... f4 $11 38. Ne5 {Strongly threatening Qf5+.} fxg3 39. h3 $2 {[%mdl 8192] [#]} (39. hxg3 $11 {and White is okay.} Rxg3+ 40. Kf2) 39... Rb1 $2 ({Black should try} 39... Qf8 $1 $19 {[%cal Rf8f2]} 40. Qf3 Qxf3 41. Nxf3 g2) 40. Qf5+ Kh8 41. Qe4 g2 42. d4 Rxe1+ 43. Qxe1 {[%mdl 4096] Endgame KQR-KQN} Qb2 44. Ng4 Qb5 45. Kh2 $2 {[%mdl 8192]} (45. Qc1 $11) 45... h5 $19 46. Qh4 Qd5 (46... Qf5 $142 {...Kg8 is the strong threat.} 47. Kxg2 Qxc2+ 48. Kg1 Qc1+ 49. Kh2 Rg5) 47. Kg1 Qf3 $2 (47... Qf5 $19 48. Qf2 Qb5) 48. Qxh5+ $11 {The position is equal.} Rh7 49. Qe8+ Kg7 50. Qe7+ Kh8 $132 {[%mdl 2048] ( -> ...Qf1+). Black has counterplay} 51. Qf6+ Qxf6 52. Nxf6 Rxh3 {KR-KN} 53. Nd5 Rh5 54. Nf4 Rf5 55. Ne2 Rg5 56. c4 {[%cal Bc3c4,Bc4c5,Bc5c6][%mdl 32]} Kg7 57. c3 Kf7 58. c5 Rg4 59. d5 Rg5 60. c4 Rg4 61. c6 Ke7 62. c5 Rc4 63. d6+ Kd8 64. Kxg2 Rxc5 65. Nd4 {Ne6+ would kill now.} Rxc6 {[%mdl 64] Remove Defender} 66. Nxc6+ Kd7 {[%mdl 64] Double Attack. Accuracy: White = 49%, Black = 48%.} 1/2-1/2

[Event "59th BRA-ch Women 2020"]
[Site "Rio de Janeiro"]
[Date "2020.01.14"]
[Round "2.2"]
[White "Alboredo, Julia"]
[Black "Librelato, Kathie Goulart"]
[Result "1-0"]
[WhiteElo "2190"]
[BlackElo "2175"]
[Annotator "TA"]
[PlyCount "145"]
[EventDate "2020.01.11"]
[EventType "k.o."]
[EventCountry "BRA"]
[SourceTitle "playchess.com"]
[Source "ChessBase"]
[SourceQuality "1"]

{[%evp 28,145,0,16,22,26,41,15,69,57,83,82,145,146,144,148,139,136,150,124,202,193,190,-52,23,0,0,0,0,0,0,0,0,-170,0,0,0,0,0,0,200,201,200,204,205,201,208,177,225,207,238,205,223,196,183,173,365,365,341,324,349,295,274,217,217,217,233,232,232,214,199,199,185,162,381,390,396,392,392,343,477,393,499,468,629,614,2243,1363,12796,11625,11502,5069,29949,11274,10311,7362,29959,29960,29959,29945,10189,7182,29963,10189,7113,7113,29982,29982,29982,5073,29982,29983,29984,29985,29985,29986,29986,29987,29987,29988]} 1. e4 e5 2. Nf3 Nc6 3. d4 exd4 4. Bc4 Nf6 5. e5 d5 6. Bb5 Ne4 7. Nxd4 Bd7 8. Bxc6 bxc6 9. O-O Bc5 10. f3 Ng5 11. Be3 Bb6 12. f4 Ne4 13. Nd2 Nxd2 ({Predecessor:} 13... c5 14. N4f3 Nxd2 {0-1 (43) Usov,A (2012)-Al Ghamdi,A (2107) Moscow 2019}) 14. Qxd2 c5 15. Nf3 d4 {C56: Two Knights: 4 d4 exd4 5 0-0 Nxe4} 16. Bf2 Bc6 17. f5 $146 (17. a4 a5 18. f5 Qd5 19. Qg5 h6 20. Qxg7 O-O-O 21. Qf6 Rhg8 22. Bg3 c4 23. Kh1 {0-1 (38) Jones,G (2661)-L'Ami,E (2618) Wolvega 2014}) 17... Qd5 (17... Bxf3 $11 18. gxf3 h6) 18. Bh4 $14 Kd7 19. c4 Qxc4 {[#]} (19... dxc3 $142 20. Qxc3 Kc8) 20. e6+ $1 $16 {[%mdl 512]} Kc8 (20... fxe6 21. Ne5+) 21. Ne5 {[%mdl 64] Double Attack} Qd5 22. Nxc6 (22. Nxf7 d3 $15) 22... Qxc6 23. exf7 Rf8 (23... Qd5 $16 {is a better defense.}) 24. Qe2 $1 $18 Rxf7 {[#]} 25. Qc4 $2 (25. Qa6+ $1 $18 Qb7 26. Qc4) 25... Rf8 ({Black should try} 25... Rd7 $1 $15) 26. b4 Kb7 $36 {[%mdl 2048] Black is pushing.} 27. Rac1 $1 {[%cal Rb4c5] [#]} d3 $1 {[%mdl 512] ...cxb4+ is the strong threat.} 28. bxc5 (28. Qxd3 c4+) 28... d2 29. Rb1 {[%mdl 64] Pin} Rae8 {And now ...Ka8 would win.} 30. f6 $2 {[#]} (30. Qd4 $11 {and White has nothing to worry.} Re2 31. Bf2 Rxf5 32. cxb6 axb6 33. Qd3 (33. Qxg7 {gets mated.} Rfxf2 {[%mdl 64] Deflection} 34. Rxf2 Re1+ {[%mdl 64] Double Attack} 35. Rf1 Qc5+ 36. Kh1 Rxb1 37. h4 Rxf1+ 38. Kh2 d1=Q 39. Qf7 Rxf7 40. Kh3 Qh1+ 41. Kg3 Qf2+ {[%mdl 64] Double Attack} 42. Kg4 Qhxh4#)) 30... gxf6 $2 (30... Re5 $1 $19 {[%cal Re5c5]} 31. Bf2 (31. fxg7 $2 Rxf1+ {[%mdl 64] Overworked Piece} 32. Qxf1 Rxc5 $19) 31... Rxf6) 31. Bf2 $1 $11 {[#]} Rg8 $1 {[%csl Gg8][%cal Rc6g2]} 32. g3 $1 Rg5 {White must now prevent ...Ka8.} 33. Qb4 $1 {[%mdl 64] Pin} Re4 $2 (33... Re2 $11 34. cxb6 axb6) 34. Qxd2 $18 {Hoping for Rfc1.} Rxc5 35. Bxc5 Qxc5+ 36. Kh1 f5 37. Rbd1 Re5 38. Qg2+ Ka6 39. Rf4 Qb5 40. a4 Qb3 41. Qf1+ Ka5 $2 (41... Kb7 42. Rb1 Qc3 43. Qg2+ Ka6) 42. Rxf5 Rxf5 43. Qxf5+ {[%mdl 4160] Endgame Double Attack. KQR-KQB} c5 44. Rb1 Qxa4 45. Qe5 Qc6+ 46. Kg1 {Strongly threatening Ra1+.} Ka6 {Threatens to win with ...c4+.} 47. Ra1+ Kb7 48. Qe7+ Kb8 {( -> ...c4+)} 49. Qf8+ Kb7 {aiming for ...c4+.} 50. Qf7+ Kb8 $2 (50... Qc7 51. Qxc7+ Kxc7) 51. Qg8+ Qc8 52. Qxc8+ Kxc8 {KR-KB} 53. Kf1 Kc7 54. Ke2 Kc6 55. Kd3 Kd5 56. Ra4 a5 57. Rh4 Bc7 58. Rxh7 c4+ 59. Kc2 (59. Kc3 $142 Be5+ 60. Kc2) 59... Bb6 60. Rh5+ Kd4 61. Rh4+ Kd5 62. Kc3 Bg1 63. h3 Bf2 64. Rh5+ Ke4 65. g4 Be1+ 66. Kxc4 Kf4 67. Rf5+ Ke4 68. Rf7 (68. Rd5 $142 Bc3 69. g5 Bg7 70. Rxa5 Bh8 71. g6 Bd4 72. h4 Bf6 73. h5) 68... Bd2 69. h4 {White mates.} Ke5 70. g5 Ke6 71. g6 a4 72. Ra7 Bh6 73. g7 {Accuracy: White = 68%, Black = 30%.} 1-0

[Event "59th BRA-ch Women 2020"]
[Site "Rio de Janeiro"]
[Date "2020.01.14"]
[Round "2.2"]
[White "Gazola, Vanessa Ramos"]
[Black "Terao, Juliana Sayumi"]
[Result "0-1"]
[WhiteElo "1996"]
[BlackElo "2232"]
[Annotator "ChessBase"]
[PlyCount "90"]
[EventDate "2020.01.11"]
[EventType "k.o."]
[EventCountry "BRA"]
[SourceTitle "playchess.com"]
[Source "ChessBase"]
[SourceQuality "1"]
[TimeControl "1500+10"]

1. d4 {[%emt 0:00:00]} Nf6 {[%emt 0:00:00]} 2. Nf3 {[%emt 0:00:00]} e6 {[%emt 0:00:00]} 3. g3 {[%emt 0:00:00]} c5 {[%emt 0:00:00]} 4. e3 {[%emt 0:00:00]} b6 {[%emt 0:00:00]} 5. Bg2 {[%emt 0:00:00]} Bb7 {[%emt 0:00:00]} 6. O-O {[%emt 0:00:00]} Be7 {[%emt 0:00:00]} 7. b3 {[%emt 0:00:00]} O-O {[%emt 0:00:00]} 8. Bb2 {[%emt 0:00:00]} cxd4 {[%emt 0:00:00]} 9. exd4 {[%emt 0:00:00]} Nc6 {[%emt 0:00:00]} 10. Nbd2 {[%emt 0:00:00]} d5 {[%emt 0:00:00]} 11. Ne5 {[%emt 0:00:00]} Rc8 {[%emt 0:00:00]} 12. Re1 {[%emt 0:00:00]} Ba6 {[%emt 0:00:00]} 13. c3 {[%emt 0:00:00]} Nxe5 {[%emt 0:00:00]} 14. dxe5 {[%emt 0:00:00]} Nd7 {[%emt 0:00:00]} 15. c4 {[%emt 0:00:00]} dxc4 {[%emt 0:00:00]} 16. Nxc4 {[%emt 0:00:00]} Bxc4 {[%emt 0:00:00]} 17. bxc4 {[%emt 0:00:00]} Rxc4 {[%emt 0:00:00]} 18. Bf1 {[%emt 0:00:00]} Rc7 {[%emt 0:00:00]} 19. Qg4 {[%emt 0:00:00]} Rc2 {[%emt 0:00:00]} 20. Bd4 {[%emt 0:00:00]} Bb4 {[%emt 0:00:00]} 21. Bd3 {[%emt 0:00:00]} Rd2 {[%emt 0:00:00]} 22. Red1 {[%emt 0:00:00]} Nc5 {[%emt 0:00:00]} 23. Bxc5 {[%emt 0:00:00]} bxc5 {[%emt 0:00:00]} 24. Qe4 {[%emt 0:00:00]} g6 {[%emt 0:00:00]} 25. Rxd2 {[%emt 0:00:00]} Bxd2 {[%emt 0:00:00]} 26. Rd1 {[%emt 0:00:00]} Bc3 {[%emt 0:00:00]} 27. Be2 {[%emt 0:00:22]} Bd4 {[%emt 0:00:00]} 28. Rb1 {[%emt 0:01:09]} Qa5 {[%emt 0:00:00]} 29. Bc4 {[%emt 0:01:22]} Qc3 {[%emt 0:06:01]} 30. Qd3 {[%emt 0:01:41]} Bxe5 {[%emt 0:00:32]} 31. Rb7 {[%emt 0:00:06]} Qxd3 {[%emt 0:00:43]} 32. Bxd3 {[%emt 0:00:00]} Rd8 {[%emt 0:00:00]} 33. Bb5 {[%emt 0:00:47]} a5 {[%emt 0:01:31]} 34. a4 {[%emt 0:00:07]} Kf8 {[%emt 0:01:24]} 35. Ra7 {[%emt 0:01:37]} Bc3 {[%emt 0:03:36]} 36. Rc7 {[%emt 0:00:00]} Rd5 {[%emt 0:01:38]} 37. Kg2 {[%emt 0:03:09]} Rd2 {[%emt 0:05:38]} 38. Rxc5 {[%emt 0:02:18]} Bd4 {[%emt 0:00:00]} 39. Rc8+ {[%emt 0:00:00]} Kg7 {[%emt 0:00:08]} 40. Ra8 {[%emt 0:01:00]} Rxf2+ {[%emt 0:00:00]} 41. Kh3 {[%emt 0:00:00]} Bc3 {[%emt 0:00:00]} 42. Ra7 {[%emt 0:00:00]} h5 {[%emt 0:00:00]} 43. Bc4 {[%emt 0:00:07]} e5 {[%emt 0:00:09]} 44. g4 {[%emt 0:00:13]} hxg4+ {[%emt 0:00:00]} 45. Kxg4 {[%emt 0:00:00]} Rf4+ {[%emt 0:00:00]} 0-1

[Event "59th BRA-ch Women 2020"]
[Site "Rio de Janeiro"]
[Date "2020.01.15"]
[Round "3.1"]
[White "Alboredo, Julia"]
[Black "Terao, Juliana Sayumi"]
[Result "0-1"]
[WhiteElo "2190"]
[BlackElo "2232"]
[Annotator "TA"]
[PlyCount "82"]
[EventDate "2020.01.11"]
[EventType "k.o."]
[EventCountry "BRA"]
[SourceTitle "playchess.com"]
[Source "ChessBase"]
[SourceQuality "1"]

{[%evp 9,84,20,58,20,20,8,50,21,26,28,62,21,30,18,11,-20,16,-77,-23,-52,31,31,41,29,115,108,116,118,116,95,105,106,78,22,45,29,92,17,167,151,135,45,102,0,144,162,303,44,36,17,27,0,16,-127,-138,-220,-235,-409,-309,-1160,-1110,-1612,-500,-303,-318,-264,-266,-29983,-29984,-29989,-29990,-29990,-29982,-29995,-29991,-29991,-29992]} 1. d4 Nf6 2. c4 e6 3. Nc3 Bb4 4. f3 Nh5 5. Nh3 f5 6. a3 {E20: Nimzo-Indian: 4 g3 and 4 f3} Bxc3+ 7. bxc3 d6 8. Nf2 {White is slightly better.} O-O 9. e4 f4 (9... Nc6 10. Bd3 Qe8 11. O-O Bd7 12. a4 fxe4 13. Nxe4 Nf4 14. Bc2 {0-1 (22) Baron,T (2544)-Hammer,J (2682) London 2015}) 10. Bd3 e5 11. O-O Nc6 12. Bb2 $146 ({Predecessor:} 12. a4 Qg5 13. c5 dxc5 14. Bc4+ {1-0 (55) Laghetti,G (2425)-Lebled,P (2414) ICCF email 2015}) 12... Qg5 13. Ng4 (13. c5 $11) 13... Qh4 (13... Bxg4 $17 14. fxg4 Nf6) 14. c5 Nf6 (14... Ng3 $15 15. Re1 (15. hxg3 $2 fxg3 16. Rf2 Bxg4 $19) 15... Bxg4 16. fxg4 h5) 15. Nf2 $14 dxc5 16. Bb5 Ne7 (16... Nd7 $11) 17. Nd3 $16 (17. dxc5 $6 Be6 $11) 17... exd4 18. cxd4 cxd4 19. Qb3+ Kh8 20. Bxd4 Ng6 21. Bc5 (21. a4 $16) 21... Rd8 $11 22. Rad1 {aiming for Ne5!} Bd7 (22... Ne8 $11 {remains equal.}) 23. e5 (23. Bf2 $16 Qg5 24. Bxd7 {[%mdl 64] Discovered Attack} Nxd7 25. Qxb7) 23... Nd5 (23... Bxb5 $11 24. exf6 (24. Qxb5 Nd5 $14) 24... Bxd3 25. fxg7+ Kxg7 26. Rxd3 Rxd3 27. Qxd3 Kh6) 24. Bxd7 $18 Rxd7 25. Qxb7 (25. Bf2 $1 $16 {[%cal Rf2h4]} Qg5 26. h4 (26. Qxb7 Rad8 $11)) 25... Rdd8 (25... Re8 $14) 26. Nb4 ({White should play} 26. Rfe1 $16) 26... Nc3 (26... Ne3 $1 $11 27. Bxe3 fxe3) 27. Rde1 $1 $16 {Black must now prevent Nc6.} Qg5 (27... Re8 {was worth a try.} 28. Bd4 (28. Qxc7 Rac8 $16) 28... c5 29. Bxc3 cxb4 30. axb4 Qe7 31. Qxe7 Rxe7) 28. Na6 $2 (28. Bxa7 $2 Nh4 $19) ({White must play} 28. Nc6 $1 $18) 28... Nh4 $14 {[%csl Gh4][%cal Rg5g2]} 29. Qb2 Na4 30. Qf2 Rac8 31. g3 (31. Rc1 $11 {keeps the balance.}) 31... Rd3 $40 {[%mdl 128] White is in trouble.} 32. Qe2 (32. Bxa7 $17 Nxf3+ 33. Qxf3 Rxf3 34. Rxf3 fxg3 35. hxg3) 32... Rb3 $19 (32... fxg3 33. Be7 $17) 33. g4 $2 ({Wrong is} 33. Qd1 $2 fxg3 $1 {[%mdl 512]} 34. h3 Rb2 $19) (33. Be7 {is a better defense.} Qxe7 34. gxh4) 33... Rb2 34. Qd1 $2 (34. Qe4 h5 35. Bd4 hxg4 36. fxg4 Qxg4+ 37. Kh1) 34... Rd8 ({Not} 34... Nxc5 35. Nxc5 Rd8 36. Nd3 $17) 35. Qxa4 Nxf3+ (35... Qh6 $142 {( -> ...Nxf3+!)} 36. h3 Rg2+ 37. Kh1 {[#]} Rg3 $1 {[%mdl 576] Double Attack}) 36. Rxf3 Qxg4+ {[%mdl 64] Double Attack} 37. Rg3 Qh4 {[%mdl 64] Pin} 38. Bf2 $2 (38. Kf1 $19 Rxh2 39. Bg1 Qxg3 40. Bxh2 Qxh2 41. Qe4) 38... Rxf2 $1 {[%csl Gf2][%cal Rh4h2] Black mates.} 39. Rg2 Rxg2+ 40. Kxg2 Qxe1 41. Nxc7 {[#]} Qe2+ {Played: f4-f3} 0-1

[Event "59th BRA-ch Women 2020"]
[Site "Rio de Janeiro"]
[Date "2020.01.16"]
[Round "3.2"]
[White "Terao, Juliana Sayumi"]
[Black "Alboredo, Julia"]
[Result "1-0"]
[WhiteElo "2232"]
[BlackElo "2190"]
[Annotator "TA"]
[PlyCount "83"]
[EventDate "2020.01.11"]
[EventType "k.o."]
[EventCountry "BRA"]
[SourceTitle "playchess.com"]
[Source "ChessBase"]
[SourceQuality "1"]

{[%evp 9,83,7,7,8,35,8,14,7,27,-25,58,0,-1,-4,24,-27,-20,-36,-32,-36,0,0,29,-42,-37,-64,10,0,20,0,94,99,115,0,0,-52,61,52,110,124,254,163,166,152,336,150,96,60,487,486,545,514,627,580,566,582,718,764,1087,1073,1335,1358,1357,1354,1306,1346,1333,1330,1605,1615,1598,1579,1565,1554,1448,1403]} 1. e4 c5 2. Nf3 d6 3. Bb5+ Nd7 4. O-O a6 5. Bd3 Ngf6 6. Re1 {B51: Sicilian: Moscow Variation (3 Bb5+) without 3...Bd7} b5 (6... e6 7. c3 b5 8. Bc2 c4 9. a4 Bb7 10. d4 cxd3 11. Qxd3 Nc5 12. Qe2 bxa4 {½-½ (24) Amin,B (2683)-Nepomniachtchi,I (2767) Moscow 2019}) 7. c3 c4 8. Bc2 {The position is equal.} Bb7 9. b3 (9. d3 $142) 9... g6 (9... e6 $11) 10. Qe2 $146 (10. bxc4 $14 bxc4 11. Na3) ({Predecessor:} 10. bxc4 bxc4 11. Na3 Qc7 12. Rb1 d5 13. e5 Nh5 14. e6 fxe6 {½-½ (23) Sikorova,O (2302)-Bures,V (2209) Czechia 2006}) 10... Rc8 $11 11. Na3 {[%cal Rb3c4]} Qc7 12. Rb1 ({Better is} 12. bxc4 bxc4 13. Rb1) 12... cxb3 13. axb3 Bg7 14. Bb2 O-O 15. d4 Nh5 16. Qe3 (16. Qd2 $11) 16... e5 $15 17. Qd2 Nb6 ({Black should play} 17... d5 $15) 18. c4 $11 bxc4 19. bxc4 Nf4 {[#]} (19... Nxc4 $11 {remains equal.} 20. Nxc4 Qxc4) 20. c5 $1 $16 {[%mdl 512]} Qd7 {Black wants to play ...Qg4!} (20... dxc5 21. dxe5) 21. Bc1 (21. cxb6 $6 Qg4 $11) (21. dxe5 $6 dxe5 22. cxb6 Qg4 $11) (21. g3 $16 Qh3 22. gxf4 Qg4+ 23. Kf1 Qxf3 24. Qe3 (24. cxb6 Qh3+ 25. Ke2 Qh5+ 26. f3 f5 $14) 24... Qxe3 25. fxe3) 21... Qg4 $11 {[%csl Gf4][%cal Rg4g2]} 22. Nh4 ({White should try} 22. g3 $11 Qxf3 23. gxf4 Qg4+ 24. Kh1 Qf3+ 25. Kg1 Qg4+ 26. Kh1 Qf3+ 27. Kg1) 22... Qxh4 (22... Bh6 $1 $15 23. Qc3 Qxh4) 23. Rxb6 $14 {[%mdl 64] Double Attack} Bh6 (23... Ba8 $1 $14) 24. Qd1 $36 {[%mdl 2048] And now g3 would win. White is on the roll.} (24. Rxb7 Nh3+ 25. gxh3 Bxd2 $15) 24... Bc6 (24... Nxg2 $16 {keeps fighting.} 25. Kxg2 (25. Rxb7 $2 Nxe1 26. Qxe1 Bxc1 $17) 25... Bxc1) 25. Bxf4 (25. cxd6 Nxg2 26. Kxg2 (26. Bxh6 Nxe1 27. Bxf8 Qg5+ 28. Kf1 Nxc2 $17) 26... Bxc1 $11) 25... exf4 26. d5 ({Don't do} 26. Rxa6 $6 dxc5 27. d5 (27. dxc5 Qg5 $15) 27... Bd7 $14) 26... Bd7 $2 {[#]} (26... Bb5 $16) 27. Rxd6 (27. c6 $1 $18 {[%cal Rc6d7] is the precise move to win.} Bg4 28. f3) 27... Bg4 28. f3 {aiming for c6.} Bh5 $2 {[%mdl 8192]} (28... Rxc5 $14 29. Rxa6 (29. fxg4 f3 $17) 29... Bc8) 29. c6 $18 {White is clearly winning.} Bg7 30. e5 Rfe8 31. Nc4 Bf8 32. Qd2 Qg5 33. Kh1 Rb8 34. c7 {[%mdl 64] Discovered Attack} Rb7 35. Rc6 {[%cal Bd6c6,Bc6c8,Bc8c7][%mdl 32]} Bb4 36. c8=Q Rxc8 37. Rxc8+ Kg7 38. Qe2 Bxe1 39. Qxe1 Qe7 40. Be4 Rb3 41. d6 Qe6 42. Rc7 {Accuracy: White = 41%, Black = 19%.} 1-0

[Event "59th BRA-ch Women 2020"]
[Site "Rio de Janeiro"]
[Date "2020.01.17"]
[Round "3.3"]
[White "Alboredo, Julia"]
[Black "Terao, Juliana Sayumi"]
[Result "1-0"]
[WhiteElo "2190"]
[BlackElo "2232"]
[Annotator "ChessBase"]
[PlyCount "61"]
[EventDate "2020.01.11"]
[EventType "k.o."]
[EventCountry "BRA"]
[SourceTitle "playchess.com"]
[Source "ChessBase"]
[SourceQuality "1"]
[TimeControl "40/5400+30:1800+30"]

1. e4 {[%emt 0:00:00]} e5 {[%emt 0:00:00]} 2. Nf3 {[%emt 0:00:00]} Nc6 {[%emt 0:00:00]} 3. d4 {[%emt 0:00:00]} exd4 {[%emt 0:00:00]} 4. Bc4 {[%emt 0:00:14]} Bc5 {[%emt 0:00:49]} 5. c3 {[%emt 0:00:11]} Nf6 {[%emt 0:01:08]} 6. e5 {[%emt 0:00:32]} d5 {[%emt 0:00:40]} 7. Be2 {[%emt 0:00:18]} Ne4 {[%emt 0:01:42]} 8. cxd4 {[%emt 0:00:18]} Bb6 {[%emt 0:01:05]} 9. O-O {[%emt 0:01:57]} O-O {[%emt 0:00:37]} 10. Nc3 {[%emt 0:00:34]} Bg4 {[%emt 0:09:26]} 11. Be3 {[%emt 0:01:33]} Nxc3 {[%emt 0:16:01]} 12. bxc3 {[%emt 0:00:07]} f6 {[%emt 0:04:08]} 13. exf6 {[%emt 0:08:53]} Qxf6 {[%emt 0:00:09]} 14. Qb3 {[%emt 0:01:30]} Qd6 {[%emt 0:02:10]} 15. Rfe1 {[%emt 0:06:14]} Na5 {[%emt 0:01:53]} 16. Qc2 {[%emt 0:02:13]} Bxf3 {[%emt 0:03:48]} 17. Bxf3 {[%emt 0:00:07]} c6 {[%emt 0:00:19]} 18. Be2 {[%emt 0:03:31]} Nc4 {[%emt 0:01:16]} 19. Bd3 {[%emt 0:01:28]} g6 {[%emt 0:00:13]} 20. Bg5 {[%emt 0:05:32]} Rfe8 {[%emt 0:10:11]} 21. h4 {[%emt 0:08:05]} Re6 {[%emt 0:02:03]} 22. Re2 {[%emt 0:11:19]} Bd8 {[%emt 0:10:36]} 23. Rae1 {[%emt 0:07:53]} Rxe2 {[%emt 0:00:36]} 24. Qxe2 {[%emt 0:00:07]} Bxg5 {[%emt 0:00:15]} 25. hxg5 {[%emt 0:00:10]} b5 {[%emt 0:04:39]} 26. Qg4 {[%emt 0:02:42]} Rf8 {[%emt 0:14:27]} 27. Re6 {[%emt 0:07:32]} Qa3 {[%emt 0:02:09]} 28. Bxg6 {[%emt 0:06:58]} Kg7 {[%emt 0:05:41]} 29. Qh5 {[%emt 0:09:18]} Qc1+ {[%emt 0:00:23]} 30. Kh2 {[%emt 0:00:05]} Qf4+ {[%emt 0:00:04]} 31. Kh3 {[%emt 0:00:38]} 1-0